Country by picture - Harder version - Statistics

General Stats
  • This quiz has been taken 25 times
  • The average score is 11 of 20
Answer Stats
Picture Answer % Correct
Austria
86%
Egypt
86%
Hungary
82%
North Korea
77%
Guatemala
73%
Canada
68%
Myanmar
68%
Monaco
64%
Namibia
64%
Australia
55%
Saudi Arabia
55%
South Africa
55%
Turkey
50%
Estonia
36%
Morocco
36%
Uzbekistan
36%
Peru
32%
Senegal
27%
Argentina
18%
Azerbaijan
14%
No matching quizzes found
Score Distribution
Percent of People with Each Score
Percentile by Number Answered
Your Score History
You have not taken this quiz